| 000 | 00601nam a2200145Ia 4500 | ||
|---|---|---|---|
| 008 | 170221s9999 xx 000 0 und d | ||
| 100 | _aEugeny P. Kolpak | ||
| 245 | _aSpecial Aspects of Leasing Activities and Its Meaning in Conditions of Enterprise Competitiveness | ||
| 245 | _cEugeny P. Kolpak, Ekaterina V. Gorynya, Aleksandra I. Shaposhnikova, Klara E. Khasenova, Nataliya S. Zemlyakova | ||
| 260 | _bInternational Review of Management and Marketing | ||
| 260 | _cNovember 2012 | ||
| 300 | _a1:2 | ||
| 650 | _xMarketing. | ||
| 856 | _uhttp://www.econjournals.com/index.php/irmm/issue/view/86 | ||
| 999 |
_c310382 _d310382 |
||